| 000 | 01408pam a2200337 a 4500 | ||
|---|---|---|---|
| 001 | 617066 | ||
| 003 | NUST - PNEC | ||
| 005 | 20170116180846.0 | ||
| 008 | 921103s1993 nyua b 001 0 eng | ||
| 010 | _a 92040048 | ||
| 020 | _a0195056132 | ||
| 040 |
_aDLC _cLIBRARY _dDLC |
||
| 050 | 0 | 0 |
_aQC611.92 _b.K75 1993 |
| 082 | 0 | 0 | _a537.623 KRE |
| 100 | 1 | _aKresin, Vladimir Z. | |
| 245 | 1 | 0 |
_aMechanisms of conventional and high Tc superconductivity / _cVladimir Z. Kresin, Hans Morawitz, Stuart A. Wolf. |
| 260 |
_aNew York : _bOxford University Press, _c1993. |
||
| 300 |
_axiv, 181 p. : _bill. ; _c25 cm. |
||
| 490 | 1 |
_aThe International series of monographs on physics ; _v84 |
|
| 504 | _aIncludes bibliographical references (p. [166]-178) and index. | ||
| 650 | 0 | _aSuperconductivity. | |
| 650 | 0 |
_aHigh temperature superconductivity. _xME, EE |
|
| 700 | 1 | _aMorawitz, H. | |
| 700 | 1 | _aWolf, Stuart A. | |
| 830 | 0 |
_aInternational series of monographs on physics (Oxford, England) ; _v84. |
|
| 856 | 4 | 2 |
_3Publisher description _uhttp://www.loc.gov/catdir/enhancements/fy0604/92040048-d.html |
| 856 | 4 | 1 |
_3Table of contents only _uhttp://www.loc.gov/catdir/enhancements/fy0604/92040048-t.html |
| 906 |
_a7 _bcbc _corignew _d1 _eocip _f19 _gy-gencatlg |
||
| 942 |
_2ddc _cBK |
||
| 999 |
_c64467 _d64467 |
||